00276nam a2200097 a 450000500170000000800410001705000250005824500410008344000280012465000260015220140414093842.0081126s19uu xx 00 eng d aDVD 940.53bROA 2005 aRoad to War :bGreat Britain, Italy. aHistory of World War II aWorld War, 1939-1945.